000 00819cam a2200181 i 4500
005 20251208130221.0
008 250721s1970 ua gr 000 0 ara d
082 1 4 _a216.1
_bح س ي
100 1 _aحامد، حسين
_eمؤلف.
245 1 0 _aمقاصد الشريعة وطرق الإجتهاد التي ترجع إليها :
_cالدكتور حسين حامد المدرس بكلية الحقوق -جامعة القاهره والمعار للتدريس بقسم الدراسات العليا بالجامعه الاسلامية /
264 3 1 _aالقاهره :
_bالمطبعة العالمية.
_c1970.
300 _aالجزء الثاني.
650 1 7 _aالإسلام.
650 1 7 _aالفقه الإسلامي.
650 1 7 _aأصول الفقة.
942 _2ddc
_cBK
999 _c20063
_d20063